Histoire - Les archidiocèses et les diocèses en France - Statistiques

Statistiques générales
  • Ce quiz a été pris 20 fois
  • Le résultat moyen est 36 sur 120
Statistiques - réponses
Question Tuile Select % Correct
Aix-en-Provence EMBRUN Non
81%
Aix-en-Provence VABRES Non
69%
Auch SAINT-PAUL-TROIS-CHATEAUX Non
63%
Auch TARBES Oui
63%
Aix-en-Provence APT Oui
56%
Aix-en-Provence FREJUS Non
56%
Aix-en-Provence SISTERON Oui
56%
Aix-en-Provence TOULON Non
56%
Auch BAYONNE Oui
50%
Aix-en-Provence FREJUS Oui
50%
Auch LECTOURE Oui
50%
Auch AGEN Non
44%
Lyon ANTIBES Non
44%
Rouen BAYEUX Oui
44%
Narbonne CARCASSONNE Oui
44%
Auch DAX Oui
44%
Lyon EMBRUN Non
44%
Rouen EVREUX Oui
44%
Auch LESCAR Oui
44%
Narbonne MENDE Non
44%
Auch OLORON Oui
44%
Aix-en-Provence ORANGE Non
44%
Rouen THEROUANNE Non
44%
Paris AMIENS Non
38%
Bordeaux ANGOULEME Oui
38%
Vienne ANTIBES Non
38%
Aix-en-Provence ARLES Non
38%
Rouen AVRANCHES Oui
38%
Auch BAZAS Oui
38%
Narbonne BEZIERS Oui
38%
Auch COUSERANS Oui
38%
Rouen COUTANCES Oui
38%
Vienne DIGNE Non
38%
Vienne GLANDEVES Non
38%
Vienne GRASSE Non
38%
Paris LISIEUX Non
38%
Lyon MACON Oui
38%
Paris MEAUX Oui
38%
Bordeaux OLORON Non
38%
Bordeaux PERIGUEUX Oui
38%
Narbonne PERPIGNAN Oui
38%
Bordeaux SAINTES Oui
38%
Rouen SENLIS Non
38%
Paris SOISSONS Non
38%
Reims SOISSONS Oui
38%
Vienne UZES Non
38%
Lyon VENCE Non
38%
Reims CHALONS-EN-CHAMPAGNE Oui
31%
Lyon CHALON-SUR-SAONE Oui
31%
Aix-en-Provence GAP Oui
31%
Vienne GRENOBLE Oui
31%
Tours LE MANS Oui
31%
Rouen LISIEUX Oui
31%
Narbonne LODEVE Oui
31%
Paris NOYON Non
31%
Tours ORLEANS Non
31%
Paris REIMS Non
31%
Rouen SAINT-LO Non
31%
Vienne SENEZ Non
31%
Vienne VALENCE Oui
31%
Vienne VENCE Non
31%
Rouen ABBEVILLE Non
25%
Narbonne AGDE Oui
25%
Rouen AMIENS Non
25%
Tours ANGERS Oui
25%
Lyon AUTUN Oui
25%
Bordeaux BERGERAC Non
25%
Paris CHARTRES Oui
25%
Rouen CHERBOURG Non
25%
Reims LAON Oui
25%
Bordeaux LA ROCHELLE Oui
25%
Bordeaux LIBOURNE Non
25%
Narbonne MONTPELLIER Oui
25%
Aix-en-Provence RIEZ Oui
25%
Lyon SAINT-CLAUDE Oui
25%
Bordeaux SARLAT Oui
25%
Rouen SEES Oui
25%
Aix-en-Provence SENEZ Oui
25%
Paris SENLIS Non
25%
Vienne VIVIERS Oui
25%
Bordeaux AGEN Oui
19%
Auch AIRE Oui
19%
Narbonne ALES Oui
19%
Reims ARRAS Non
19%
Auch COMMINGES Oui
19%
Bordeaux CONDOM Oui
19%
Lyon LE PUY Non
19%
Bordeaux LUCON Oui
19%
Narbonne NIMES Oui
19%
Paris ORLEANS Oui
19%
Lyon ROANNE Non
19%
Paris SAINT-DENIS Non
19%
Vienne SAINT-FLOUR Non
19%
Reims SAINT-OMER Non
19%
Tours TREGUIER Oui
19%
Narbonne ALET Oui
13%
Reims AMIENS Oui
13%
Paris BEAUVAIS Non
13%
Paris BLOIS Oui
13%
Reims CAMBRAI Non
13%
Vienne DIE Oui
13%
Lyon DIJON Oui
13%
Tours DOL-DE-BRETAGNE Oui
13%
Lyon LANGRES Oui
13%
Tours NANTES Oui
13%
Reims NOYON Oui
13%
Tours QUIMPER Oui
13%
Tours RENNES Oui
13%
Tours SAINT-BRIEUC Oui
13%
Lyon SAINT-ETIENNE Non
13%
Tours SAINT-MALO Oui
13%
Tours SAINT-POL-DE-LEON Oui
13%
Reims SENLIS Oui
13%
Reims THEROUANNE Non
13%
Narbonne UZES Oui
13%
Tours VANNES Oui
13%
Reims BEAUVAIS Oui
6%
Reims BOULOGNE Oui
6%
Bordeaux POITIERS Oui
6%
Narbonne SAINT-PONS-DE-THOMIERES Oui
6%
Aucun quiz correspondant
Distribution des résultats
% des personnes avec chaque résultat
Percentile par nombre de réponses
Votre historique - résultats
Vous n’avez pas pris ce quiz